00897nam a22002417a 450000500170000001000130001702000220003003500130005203700160006504000120008108200170009310000250011024500810013526000480021627000470026430000240031150000500033565000490038565000520043494200260048699900190051295201240053120170124105929.0 aA-702339 c00.00a8171006577 aA-702339 bCen Lib/Ret aDPLbEN a320.954bSAX aSaxena, Rekha 97888 aIndian politics in transition :cby Rekha Saxena bfrom dominance to chaos / aNew Delhi bDeep & Deep Publications c1994 bNew Delhi aF-159, rajouri garden e110027 axiii, 359c21cm(Hb) aIncludes bibliographical references and index aPolitical parties -- India -- History973877 aIndia -- Politics and government -- 1947914822 2ddccENh320.954mSAX c123741d123741 00104070aLbLd2015-06-11eCen Lib/Retg0.00l0o320.954 SAXpA-702339r2015-06-11 00:00:00t1v0.00w2015-06-11yEN